All Friday Night Funkin Songs Part 2 - Statistics

General Stats
  • This quiz has been taken 14 times
    8 since last reset
  • The average score is 25 of 358
Answer Stats
Enemy/Mod Song % Correct
Hank Accelerant
83%
Suicide Mouse Happy
83%
Fleetway Sonic | Mechanic Panic Chaos
67%
Friday Night Fever Crucify
67%
Majin Sonic Endless
67%
Sonic EXE Too Slow
67%
Tails, Sonic EXE, Knuckles, Robotnik Triple Trouble
67%
Suicide Mouse Unhappy
67%
Sonic EXE You Can't Run
67%
The Date Week Heartbass
50%
The Date Week Perfume
50%
The Date Week Whit Roll
50%
Friday Night Fever Bazinga
33%
Sunday Bi Nb
33%
EXE Black Sun
33%
Bob (horror mod bob) Copy Cat
33%
Dave & Bambi Golden Apple | Lord X Cycles
33%
Imposter Week 2 Ejected
33%
EXE Faker
33%
Flippy Flippin Out
33%
FNF Entity Godrays
33%
Blu Groovy Brass
33%
Bob Jump In
33%
Valentine Marx
33%
Flippy Massacre
33%
Sunky.MPEG Milk
33%
Hypno's Lullaby Monochrome
33%
Retrospecter Retro
33%
Amor Split
33%
Tails Doll Sunshine
33%
Sanic.EXE Too Fest
33%
Flippy Unflipped Out
33%
Sunday Valentine
33%
JGhost Yap Squad
33%
Mario Remastered 1Up
17%
DDLC Takeover Baka
17%
DDLC Takeover Beathoven Natsuki Mix
17%
Cheeky Bedrock
17%
Imposter Week 3 Chewmate
17%
Mini Conscience
17%
Coralie Consequential
17%
DDLC Takeover Crucify Yuri Mix
17%
Imposter Secret Defeat
17%
Imposter V4 Leak Double Trouble
17%
Vs Eteled Dream Of Peace
17%
Kirby Dreams
17%
Old Monika Second Song Dreams Of Roses
17%
DDLC Takeover Dual Demise
17%
Coralie Dyspeptic
17%
Edgar Edgar
17%
DDLC Takeover Epiphany
17%
Lord X Old Song Execution
17%
Shaggy Chapter 4 Final Destination
17%
Flippy Flippy Roll
17%
Skeleton BF Gameover
17%
DDLC Takeover Glitcher Monika Mix
17%
Hololive Funkin Haachama
17%
Flippy Happy Tree Land
17%
Friday Night Smilin' Harvest
17%
Ash + Cerbera Intertwined
17%
Bob (horror mod bob) Jump Out
17%
Hypno's Lullaby Left Unchecked
17%
Imposter Week 2 Lights Down
17%
Friday Night Fever Metamorphosis
17%
Hypno's Lullaby Missingno
17%
Ignis & May Monster
17%
DDLC Takeover My Sweets
17%
Mutuals Mod Natto
17%
Momi Nazel
17%
Coralie Non Compos Mentis
17%
Amor Oblique Fracture
17%
DDLC Takeover Obsession
17%
FNF Entity Parasite
17%
DDLC Takeover Poems n' Thorns
17%
FNF Entity Promenade
17%
Imposter Week 2 Reactor
17%
Paper Mario Mod Red Streamer Battle
17%
Hypno's Lullaby Safety Lullaby
17%
Retrospecter Satisfracture
17%
Stickman Serious
17%
Retrospecter Spectral
17%
Imposter Week 2 Sussus Toogus
17%
Bosip Swing
17%
Dave & Bambi Golden Apple | Shaggy Chapter 5 Thunderstorm
17%
Mario Remastered Wajuu
17%
Mario Remastered Wing Cap
17%
DDLC Takeover Your Reality
17%
Times and Tribulations 2v200
0%
Times and Tribulations 57.5 Hz
0%
Spong Abrasive
0%
Kirby Mod Absence
0%
Spong Absorb
0%
Times and Tribulations After The Ashes
0%
My Singing Monsters Air Tight Orchestra
0%
Dave & Bambi Golden Apple Algebra
0%
Diane Disko A Little Boogie
0%
Codist Am I Ok
0%
Tricky But Bad Anger
0%
Mutuals Mod Angylocalyx
0%
Custom Song APOLOGY
0%
Dave & Bambi Golden Apple Applecore
0%
Theo & Gene Ardyssey
0%
Shaggy Chapter 6 Astral Calamity
0%
Theo & Gene Autumn
0%
Guest Banned
0%
Sasha Barrel's Hammer
0%
Castle Crashers Bashing Drums
0%
Inkling Battle
0%
Cam Bina's Tutorial
0%
Jeb Blasphemy
0%
Sackboy Boo
0%
Stickman Boombox
0%
Hololive Funkin Botan
0%
Cam Breather
0%
BR14N Bugged
0%
Friday Night Fever Bunii
0%
Violastro Bwehehe
0%
Hololive Funkin Callibattle
0%
Kirby Candy
0%
Kapisun Cat On The Mic
0%
Cora Celestial Mayhem
0%
Tricky But Bad Censorship Song Unfair
0%
Homero Cerveza
0%
Friday Night Fever Chicken Sandwich
0%
Hololive Funkin Cinderella
0%
Joni Denta Clean It
0%
Taylor Cliche
0%
Starlight Mayhem Coda
0%
My Singing Monsters Cold Melody
0%
Avenue Collector
0%
Matt Wiik 4 Combat
0%
Theo & Gene Corruption
0%
Sackboy Crafted
0%
Mechanic Panic Critically LOw
0%
Times and Tribulations Curse Eternal
0%
Dave & Bambi Golden Apple Dave x Bambi Shipping Cute
0%
Lav Deam Natura
0%
Jeb Decide
0%
DDLC Takeover Deep Breaths
0%
Custom Whitty VS Pico Demolition
0%
Gaster Deprivation
0%
Cheeky Devil's Jello
0%
No Wifi Dinosaur 3rd Song Diagnostics
0%
Vs Eteled Diagraphephobia
0%
Dave & Bambi Golden Apple Disability
0%
Shaggy Chapter 5 Disassembler
0%
Paper Mario Mod Disco Devil
0%
Times and Tribulations Dishonor
0%
Dave & Bambi Golden Apple Disruption
0%
Friday Night Fever Down Bad
0%
Taylor Drama
0%
Theo & Gene Dread
0%
Kirby Dreamland
0%
X Event Dream Presage
0%
Gaz Drivin'
0%
Retrospecter Ectospasm
0%
Limbo Empty
0%
Matt Wiik 4 En Garde
0%
Codist Error
0%
Custom Song ETERNAL
0%
Friday Night Foundation Evaluation
0%
BR14N Execute
0%
Friday Night Foundation Explanation
0%
Untextured Default Blender Cube Face
0%
Friday Night Fever Farmed
0%
Times and Tribulations Father Time
0%
BR14N Fever Dream
0%
Matt Wiik 4 Final Showdown
0%
Atlanta Finished
0%
Yoshi Flower Garden
0%
Starlight Mayhem Focus Tutorial
0%
The Rascals Foolish
0%
Pandora's Box Fragile
0%
Times and Tribulations Fragmented Surreality
0%
X Event Fragmented Truce
0%
Times and Tribulations Free Soul
0%
Custom Song FREEZE
0%
Hololive Funkin Friday Night
0%
Friday Night Fever Funkin God
0%
Hololive Funkin Gangimari
0%
Necromancer Gates of Eternity
0%
Geno Gears
0%
Hunter Good Afternoon
0%
Hunter Good Game
0%
Retaken Sanity Grey
0%
Diane Disko Groovin
0%
Times and Tribulations Guardian
0%
Omori Song 3 Guilty
0%
Guest Hacked
0%
Hololive Funkin Hands
0%
Retaken Sanity Happy End
0%
Cheeky Hard 2 Break
0%
Ghost Twins Hat Tip
0%
Sasha Heartstomper
0%
Tricky But Bad Heck Entertainer
0%
Times and Tribulations Hivemind
0%
Friday Night Fever Honey
0%
Gaz Horny
0%
Retaken Sanity Inharmony
0%
BR14N Instruction
0%
DDLC Takeover It's Complicated Sayori Mx
0%
Space Boyfriend (Also From Omori) I Want Nothing More
0%
Kirby Mod Jealous
0%
Hart Just Lovely
0%
Dave & Bambi Golden Apple Keyboard
0%
Hololive Funkin Lalion
0%
Times and Tribulations Last Stand
0%
Hunter Last Time
0%
Theo & Gene Leaf Decay
0%
Dark Light Gone
0%
Limbo Limbo
0%
Mono Little
0%
Hololive Funkin Live Again
0%
Taylor Liwake
0%
Ignis & May Lost And Found
0%
Retaken Sanity Love To Death
0%
Gaster Lurking Deeper
0%
Friday Night Fever Makomelon
0%
Friday Night Foundation Mayhem
0%
Fury Bowser Medley
0%
Blinker + Friends Megawatt
0%
Times and Tribulations Mercenary
0%
Dave & Bambi Golden Apple Metallic
0%
Kirby Mike
0%
Friday Night Fever Mild
0%
Pandora's Box Mimicry
0%
Momi Momi Roll
0%
Geno Mushrooms
0%
DDLC Takeover My Confession
0%
Hololive Funkin Mythbuster
0%
Lav Nature
0%
Momi Neko
0%
Evil BF Corruption Neuroses
0%
Times and Tribulations New Retro
0%
Gaz Nightlight
0%
Mono Nightmares
0%
Times and Tribulations No Arm Shogun
0%
Tricky But Bad Not Likely
0%
Shaggy Chapter 5 No Villans
0%
Times and Tribulations Odd Job
0%
Dave & Bambi Golden Apple Origin
0%
Avenue Overdue
0%
Times and Tribulations Oxidation
0%
Inkling Panic
0%
Starlight Mayhem Parallax
0%
Edgar Parkour
0%
Friday Night Fever Party Crasher
0%
Avenue Payment
0%
Spong Pineappled
0%
Codist Pixels
0%
Untextured Default Blender Cube Plane
0%
Cora Planetary Groovin'
0%
My Singing Monsters Plant Symphony
0%
Vs Eteled Plaything
0%
Friday Night Foundation Playtime
0%
Hololive Funkin Poi
0%
Red (Pokemon) Pokemon Master
0%
Vs Eteled Post Mortal
0%
Shaggy Chapter 4 Power Link
0%
Times and Tribulations Prelude
0%
Custom Song PRETEND
0%
Dark Rage Building
0%
DDLC Takeover Rain Clouds
0%
The Rascals Rambunctious
0%
Pandora's Box Reactivated
0%
DDLC Takeover Reconciliation
0%
Friday Night Foundation Recontainment
0%
Dave & Bambi Golden Apple Recovered Project
0%
Henchman Refresher
0%
The Rematch Between Yourself Rematch
0%
The Rematch Between Yourself Replacement
0%
Guest Respawn
0%
Shaggy Chapter 4 Revenge
0%
Omori Song 2 Reverie
0%
Hololive Funkin Rip
0%
Imposter Week 3 Rivals
0%
Cheeky Rocky Beats
0%
Ronsip Ronald McDonald Slide
0%
Times and Tribulations Salem
0%
Dave & Bambi Golden Apple Sart Producer
0%
Atlanta Seabass
0%
Necromancer Set You Free
0%
Dark Shadow Knight
0%
Dark Shadow Night
0%
Gaster Shadows
0%
Diane Disko Shake Things Up
0%
Hololive Funkin Sharkventure
0%
FNF Entity Shotgun Shell
0%
Retaken Sanity Silent Hill
0%
Necromancer Simple Sight
0%
Blinker + Friends Slippery
0%
Suicide Mouse Smile
0%
Atlanta Sofishticated
0%
Gaz So Long
0%
Guest Song Simulator
0%
Shaggy Chapter 5 Soothing Power
0%
Friday Night Fever Spice
0%
Yoshi Spikey Stroll
0%
Spong Spong
0%
Cora Stargazer
0%
Starlight Mayhem Starstorm
0%
Stardust Mod Starstruck
0%
Dave & Bambi Golden Apple Stawberry
0%
Stickman Sticking
0%
Custom Song STREETLIGHT
0%
Limbo Stuck
0%
Violastro Stupefy
0%
Dave & Bambi Golden Apple Sugar Rush
0%
Blinker + Friends Sundown
0%
Imposter Week 3 Sussy Bussy
0%
Mutuals Mod Svengoolie
0%
Matt Wiik 4 Swordfight
0%
Vs Eteled System Failure
0%
Tails Gets Trolled Talentless Fox
0%
Shaggy Chapter 6 Talladega
0%
Blinker + Friends Task Manager
0%
Lav Tempting
0%
Friday Night Foundation Terminated
0%
Slightly Textured Rounded Blender Cube Tesseract
0%
Sackboy Testing
0%
Joni Denta The Meeting
0%
Space Boyfriend Three Bar Logos
0%
Friday Night Fever Thriller Legendary
0%
Friday Night Fever Throw It Back
0%
The Rematch Between Yourself Tired
0%
Joni Denta Toothache
0%
Joni Denta Toothbrush
0%
Evil BF Corruption Tormenter
0%
Kiev Torn
0%
Cheeky Toughstone
0%
Cam Toxic Waste
0%
Dave & Bambi Golden Apple Ugh
0%
Pandora's Box Unboxing
0%
Yoshi Underground
0%
Dave & Bambi Golden Apple Unfairness
0%
Retaken Sanity Unwind
0%
Edgar Vault
0%
Suicide Mouse Very Happy
0%
Friday Night Fever VIP
0%
Friday Night Fever Void
0%
Cam Vs Glazey
0%
The Rascals Wacky
0%
Retaken Sanity Wake Up
0%
Ignis & May Wander
0%
Custom Song WARNING
0%
Dave & Bambi Golden Apple Wheels
0%
Mechanic Panic Wired
0%
Dave & Bambi Golden Apple Wireframe
0%
Lily Wrath Soul
0%
Jeb Wreath
0%
Untextured Default Blender Cube Yaw
0%
Friday Night Fever Your Girl
0%
Space Boyfriend You Were Wrong Go Back
0%
No matching quizzes found
Score Distribution
Percent of People with Each Score
Percentile by Number Answered
Your Score History
You have not taken this quiz since the last reset